01328cam a2200337 a 45000010009000000050017000090080041000260100017000670200022000840400018001060420008001240430012001320500024001440820017001681000029001852450118002142600069003323000034004015000043004355040064004786500050005426500052005926500033006446500040006776500041007177000026007589060045007849420012008299990019008419520130008601342213720250505135819.0031203s2004 dcua b 001 0 eng  a 2003065582 a0881323713 (pbk.) aDLCcDLCdDLC apcc ad------00aHG3891.5b.R68 200400a338.543bROU1 aRoubini, Nouriel912881310aBailouts or bail-ins? :bresponding to financial crises in emerging economies /cNouriel Roubini and Brad Setser. aWashington, DC. :bInstitute for International Economics,c2004. axiv, 427 p. :bill. ;c23 cm. a"A Council on Foreign Relations book." aIncludes bibliographical references (p. 391-405) and index. 0aLoans, ForeignzDeveloping countries.9128814 0aFinancial criseszDeveloping countries.9128815 0aInternational finance.93156 0aDebtzDeveloping countries.9128816 0aBailouts (Government policy)91288171 aSetser, Brad.9128818 a7bcbccorignewd1eocipf20gy-gencatlg 2ddccBK c613655d613655 00102ddc4070aNLSbNLSd2025-05-05eDonated by Vanguard Books Pvt Limitedo338.543 ROUpNLSD-1r2025-05-05w2025-05-05yBK